000 00569cam a2200217 4500
001 J500
008 090401t xxu||||| |||| 00| 0 eng d
035 _a(Sirsi) u75333
041 _aeng
050 _a711.5520212
110 _aKing and Co
_92315
245 _aIndustrial floorspace survey ... - January 1989 - September 1990
260 _aLondon
_bKing and Co
_c1989-90
300 _a6 pt. ; 30cm.
350 _a0
520 _aPublished 3 times a year.
650 _aFLOORSPACE STATISTICS
650 _aINDUSTRIAL PROPERTY
942 _n0
948 _c04/03/1997
999 _c95990
_d95990